[Event "Challenge"]
[Site "http://www.queenalice.com/game.php?id=653467"]
[Date "2009.9.16"]
[Round "-"]
[White "Bergman"]
[Black "pipa"]
[Result "1-0"]
[WhiteElo "2801"]
[BlackElo "1788"]

1. e4 e5 2. d4 Nf6 3. dxe5 Nxe4 4. Bc4 Ng5 5. Nc3 c6 6. Nf3 Be7 7. Nxg5 Bxg5 8.
Qh5 g6 9. Qxg5 Qxg5 10. Bxg5 O-O 11. Be7 Re8 12. Bd6 Na6 13. Ne4 Kg7 14. Nf6 Rd8
15. h4 b5 16. Bd3 h5 17. g4 Rh8 18. O-O-O Kh6 19. gxh5 gxh5 20. Rhg1 Bb7 21. Rg5
1-0

[Event "Challenge"]
[Site "http://www.queenalice.com/game.php?id=658228"]
[Date "2009.9.26"]
[Round "-"]
[White "pipa"]
[Black "Wilson"]
[Result "1-0"]
[WhiteElo "1775"]
[BlackElo "1657"]

1. e4 e5 2. Qf3 Nf6 3. Bc4 d6 4. Nc3 c6 5. d3 Be7 6. Nh3 Bg4 7. Qg3 O-O 8. Ng5
Bd7 9. Nf3 b5 10. Bh6 g6 11. Bb3 Nh5 12. Bxf8 Nxg3 13. Bxe7 Qxe7 14. hxg3 a6 15.
a4 a5 16. Ne2 b4 17. O-O-O Na6 18. Rh3 Bxh3 19. gxh3 Nc5 20. Ba2 Nxa4 21. d4 Rb8
22. b3 Nb6 23. h4 Qf6 24. Rd3 c5 25. dxc5 dxc5 26. c4 a4 27. bxa4 Nxa4 28. g4
Nc3 29. Nxc3 b3 30. Nd5 b2+ 31. Kc2 h6 32. Nxf6+ Kg7 33. Nd7 Rb7 34. Nfxe5 Rb4
35. Rb3 f6 36. Rxb4 cxb4 37. Nd3 Kf7 38. Nxb4 Ke6 39. Nf8+ Kf7 40. Nh7 Kg7 41.
c5 Kxh7 42. c6 h5 43. gxh5 gxh5 44. c7 Kg6 45. c8=Q 1-0

[Event "Challenge"]
[Site "http://www.queenalice.com/game.php?id=660068"]
[Date "2009.9.29"]
[Round "-"]
[White "pipa"]
[Black "Tasjunior"]
[Result "1-0"]
[WhiteElo "1760"]
[BlackElo "1730"]

1. e4 e5 2. Bc4 Nf6 3. Qf3 Bc5 4. Nc3 c6 5. Nge2 b5 6. Bd3 d6 7. a4 b4 8. Na2
Qa5 9. b3 O-O 10. O-O Ng4 11. c3 bxc3 12. dxc3 Qb6 13. Ng3 Qxb3 14. h3 Nf6 15.
Nh5 Nxh5 16. Qxh5 Nd7 17. Qg4 Nf6 18. Qg3 1-0

[Event "Challenge"]
[Site "http://www.queenalice.com/game.php?id=661260"]
[Date "2009.10.1"]
[Round "-"]
[White "justeldiablo"]
[Black "pipa"]
[Result "1-0"]
[WhiteElo "1992"]
[BlackElo "1786"]

1. e4 e5 2. Nf3 Nc6 3. Bb5 Nf6 4. d3 Bb4+ 5. c3 Bd6 6. Bg5 a6 7. Bc4 b5 8. Bb3
h6 9. Bh4 Na5 10. Bc2 O-O 11. b4 Nc6 12. O-O Qe8 13. Bxf6 gxf6 14. Nh4 Ne7 15.
Qh5 Kh7 16. Nd2 Rg8 17. Ndf3 Qf8 18. Nf5 Nxf5 19. Qxf5+ Kh8 20. d4 Qg7 21. Nh4
exd4 22. cxd4 Bxb4 23. Qd5 c6 24. Qf5 d6 25. Qf3 Bb7 26. Bb3 c5 27. a3 Ba5 28.
Nf5 Qg6 29. Bd5 Rab8 30. Ne7 Qg7 31. Nxg8 Qxg8 32. Qxf6+ Kh7 33. Qxd6 Bxd5 34.
Qxd5 c4 35. a4 Rd8 36. Qf5+ Qg6 37. Rfd1 Bc3 38. Rab1 b4 39. d5 Kg8 40. Qf3 a5
41. d6 Rxd6 42. Qf4 Rd4 43. Qb8+ Kh7 44. f3 Rd3 45. Rxd3 cxd3 46. Qb5 d2 47.
Qxa5 Qd6 48. Qd5 Bd4+ 49. Kh1 Qxd5 50. exd5 Bc5 51. g3 Kg7 52. Kg2 Kf6 53. Kf1
Ke5 54. Ke2 Kxd5 55. Kxd2 Kc4 56. Kc2 Kd4 57. a5 Ke3 58. f4 Kf3 59. a6 Kg2 60.
Kd3 Kxh2 61. Kc4 Ba7 62. Rxb4 Kxg3 63. Rb7 Be3 64. Rxf7 Kg4 65. Kd3 Kf3 66. f5
Kf4 67. Rf6 Ba7 68. Ke2 h5 69. Kf1 h4 70. Kg2 Kg4 71. Rf7 Bc5 72. a7 Bxa7 73.
Rxa7 Kxf5 74. Kh3 Kg5 75. Rh7 Kf5 76. Rxh4 Ke5 77. Kg3 Kd5 78. Kf3 1-0

[Event "Challenge"]
[Site "http://www.queenalice.com/game.php?id=661261"]
[Date "2009.10.1"]
[Round "-"]
[White "pipa"]
[Black "justeldiablo"]
[Result "0-1"]
[WhiteElo "1793"]
[BlackElo "1961"]

1. e4 e5 2. Qf3 d6 3. Nc3 Nf6 4. d3 Bg4 5. Qe3 Nc6 6. Nce2 d5 7. h3 d4 8. Qg3
Be6 9. f4 Nb4 10. Kd1 Qd7 11. a3 Na2 12. b3 Nc3+ 13. Nxc3 dxc3 14. Ne2 Nh5 15.
Qf3 g6 16. Nxc3 Bd6 17. g4 Nxf4 18. Nd5 Bxd5 19. exd5 O-O-O 20. Be3 Kb8 21. Bf2
f5 22. Qe3 b6 23. gxf5 Nxd5 24. Qd2 gxf5 25. Bg2 Nf4 26. Bf3 Qe6 27. Qc3 e4 28.
dxe4 Be5+ 29. Qd2 Bxa1 30. Qd5 Nxd5 0-1

[Event "Challenge"]
[Site "http://www.queenalice.com/game.php?id=673702"]
[Date "2009.10.28"]
[Round "-"]
[White "pipa"]
[Black "beejay"]
[Result "1-0"]
[WhiteElo "1809"]
[BlackElo "1771"]

1. e4 e5 2. Qf3 Nc6 3. c3 Nf6 4. Bc4 Bc5 5. d3 d6 6. Be3 Bxe3 7. Qxe3 O-O 8. Nf3
Bg4 9. Nh4 Nh5 10. g3 a6 11. h3 Be6 12. Bxe6 fxe6 13. b4 d5 14. O-O d4 15. cxd4
exd4 16. Qe2 Nxb4 17. Qxh5 Nxd3 18. Qe2 Ne5 19. Nd2 d3 20. Qe3 b6 21. Rac1 c5
22. Rc3 Qf6 23. f4 Nf3+ 24. Nhxf3 Qxc3 25. Rb1 e5 26. Nxe5 c4 27. Ndxc4 Rad8 28.
Nxb6 d2 29. Qxc3 1-0

[Event "Challenge"]
[Site "http://www.queenalice.com/game.php?id=675771"]
[Date "2009.11.1"]
[Round "-"]
[White "OliverMeewes"]
[Black "pipa"]
[Result "1-0"]
[WhiteElo "1846"]
[BlackElo "1813"]

1. e4 Nc6 2. Bc4 e5 3. Nf3 Qf6 4. a3 d6 5. h3 Nd4 6. Nxd4 c6 7. Nf3 Be6 8. d3
Qg6 9. g4 h5 10. Nh4 Qf6 11. g5 Qe7 12. Nc3 g6 13. Bxe6 Qxe6 14. f4 exf4 15.
Bxf4 O-O-O 16. Qf3 d5 17. e5 Ne7 18. d4 Nf5 19. Nxf5 Qxf5 20. O-O-O h4 21. Ne2
Be7 22. Qg4 Rh5 23. Qxf5+ gxf5 24. Rhg1 Rg8 25. Rdf1 Bxg5 26. Bxg5 Rgxg5 27. Nf4
Rxg1 28. Rxg1 Rh8 29. Rg5 Kd7 30. Rxf5 Ke7 31. b4 a6 32. Rg5 Rh7 33. Nh5 Kf8 34.
Nf6 Rg7 35. Nd7+ Kg8 36. Rh5 Rg1+ 37. Kb2 Rh1 38. Rxh4 Kg7 39. Rg4+ Kh6 40. h4
Rd1 41. Kc3 Ra1 42. Kb3 b5 43. Rf4 Rb1+ 44. Ka2 Rh1 45. Rxf7 Rxh4 46. e6 Kg6 47.
Ne5+ 1-0

[Event "Challenge"]
[Site "http://www.queenalice.com/game.php?id=676880"]
[Date "2009.11.3"]
[Round "-"]
[White "pipa"]
[Black "OliverMeewes"]
[Result "0-1"]
[WhiteElo "1827"]
[BlackElo "1826"]

1. e4 e5 2. Qf3 Bc5 3. d3 h6 4. g3 a6 5. c4 Nc6 6. Be3 Bxe3 7. Qxe3 Nb4 8. Kd1
d6 9. a3 Nc6 10. Ne2 Nf6 11. h3 Bd7 12. f4 Na5 13. a4 b5 14. axb5 axb5 15. b4
Nb3 16. Ra3 Rxa3 17. Nxa3 Qa8 18. Nxb5 Bxb5 19. cxb5 Qa4 20. Kc2 Nd4+ 21. Kd2
Qxb4+ 22. Kd1 O-O 23. Qd2 Qxb5 24. Nxd4 exd4 25. Ke1 Ra8 26. Kf2 d5 27. e5 Ne8
28. Bg2 Qb3 29. Kf3 h5 30. g4 Ra2 31. Qd1 Qc3 32. gxh5 Rd2 33. Qa4 Qxd3+ 34. Kg4
Rxg2+ 35. Kh4 g5+ 36. fxg5 Qe4# 0-1

[Event "Challenge"]
[Site "http://www.queenalice.com/game.php?id=676889"]
[Date "2009.11.3"]
[Round "-"]
[White "pipa"]
[Black "Grandioso"]
[Result "0-1"]
[WhiteElo "1783"]
[BlackElo "1892"]

1. e4 e5 2. Qf3 Nc6 3. c3 Bc5 4. Bc4 Qf6 5. Qxf6 Nxf6 6. d3 Na5 7. b4 Nxc4 8.
bxc5 Na5 9. Nf3 Nc6 10. Na3 a6 11. Nc4 O-O 12. Nfxe5 Nxe5 13. Nxe5 Re8 14. Bf4
Nh5 15. g3 d6 16. Nc4 d5 17. Ne3 dxe4 18. d4 c6 19. Bd6 Bh3 20. Rg1 Be6 21. Kd2
Rad8 22. a4 b6 23. Rab1 b5 24. a5 Nf6 25. f4 Nd5 26. h4 Nxe3 27. Kxe3 Bg4 28.
Be5 Bf3 29. g4 f6 30. Bd6 Kf7 31. f5 g5 32. h5 h6 33. Rb2 Rd7 34. Rg3 Rb7 35.
Rb1 Ra8 36. Rb2 Raa7 37. Rb1 b4 38. cxb4 Rb5 39. Rb3 Rab7 40. Rxf3 exf3 41. Kxf3
Rxa5 42. Ke4 Ra4 43. d5 Raxb4+ 44. Rxb4 Rxb4+ 45. Kd3 cxd5 46. c6 Rc4 47. c7 a5
48. Ke3 a4 49. Kf3 Ke8 50. Ke3 Kd7 51. Bh2 a3 0-1

[Event "Challenge"]
[Site "http://www.queenalice.com/game.php?id=677380"]
[Date "2009.11.3"]
[Round "-"]
[White "MillaA"]
[Black "pipa"]
[Result "0-1"]
[WhiteElo "1031"]
[BlackElo "1823"]

1. b4 e5 2. h4 Bxb4 3. c3 Bc5 4. e3 c6 5. d4 exd4 6. cxd4 Bb4+ 7. Bd2 Bxd2+ 8.
Qxd2 Nf6 9. a4 d5 10. Nc3 O-O 11. Ne4 Nxe4 12. Qd3 Qa5+ 13. Ke2 Qb4 14. Kf3 Nd2+
15. Qxd2 Qxd2 16. Ne2 f5 17. Nf4 Na6 18. Ra3 Nb4 19. Rb3 Nc2 20. Rd3 Ne1+ 21.
Kg3 Nxd3 22. e4 Nxf4 23. Kh2 Qxf2 0-1

[Event "Challenge"]
[Site "http://www.queenalice.com/game.php?id=678291"]
[Date "2009.11.5"]
[Round "-"]
[White "pipa"]
[Black "Wilson"]
[Result "1/2-1/2"]
[WhiteElo "1790"]
[BlackElo "1620"]

1. e4 e5 2. Qf3 Nf6 3. Bc4 d6 4. d3 h6 5. Nc3 Be7 6. Nd5 O-O 7. Qg3 c6 8. Bxh6
Nh5 9. Qe3 cxd5 10. Bxd5 gxh6 11. Qxh6 Ng7 12. Qe3 Nd7 13. Nf3 Nf6 14. Bb3 Qa5+
15. c3 Ng4 16. Qe2 Bd8 17. O-O Bd7 18. h3 Nh6 19. Qe3 Kh7 20. d4 Bb6 21. Nd2
Rae8 22. Nc4 Qa6 23. Nxb6 axb6 24. d5 f5 25. exf5 Ngxf5 26. Qg5 Rg8 27. Qh5 Ng7
28. Qg5 Qe2 29. Bd1 Qxb2 30. Bg4 Ngf5 31. Qh5 Ng7 32. Qg5 Ne6 33. Qe3 Nxg4 34.
Qe4+ Kh8 35. dxe6 Bxe6 36. hxg4 Rxg4 37. Qf3 Kg8 38. Rab1 Qxa2 39. Qh3 Rb4 40.
Qg3+ Rg4 41. f3 Rg7 42. Qh2 Ree7 43. Ra1 Qb2 44. Ra8+ Kf7 45. Qh5+ Rg6 46. Qh7+
Rg7 47. Qh5+ Kf6 48. Qh4+ Kf7 49. Qh5+ Rg6 50. Qh7+ Rg7 51. Qh5+ Rg6 1/2-1/2

[Event "Challenge"]
[Site "http://www.queenalice.com/game.php?id=678292"]
[Date "2009.11.5"]
[Round "-"]
[White "Wilson"]
[Black "pipa"]
[Result "0-1"]
[WhiteElo "1628"]
[BlackElo "1778"]

1. Nf3 d6 2. d4 d5 3. c4 c6 4. e3 Nf6 5. Bd3 Ne4 6. O-O Bf5 7. Nh4 dxc4 8. Bc2
Qd5 9. Nc3 Nxc3 10. bxc3 Bxc2 11. Qxc2 e6 12. e4 Qa5 13. Bd2 g6 14. e5 Bg7 15.
Qe4 O-O 16. Bg5 Nd7 17. a3 Qxc3 18. Be7 Rfe8 19. Bb4 Qb3 20. Rab1 Qa4 21. Qf4 a5
22. Bd6 c3 23. Nf3 h6 24. Rxb7 Rad8 25. Bc5 Qc4 26. Rc1 Qa6 27. Rc7 f5 28. exf6
Nxf6 29. Rxc3 Rd7 30. Bd6 Rxc7 31. Bxc7 Nd5 32. Qc1 Nxc3 33. g3 Ne2+ 34. Kg2
Nxc1 35. Nh4 Qe2 36. Nxg6 Qe4+ 37. Kf1 Qxg6 0-1

[Event "Challenge"]
[Site "http://www.queenalice.com/game.php?id=679905"]
[Date "2009.11.8"]
[Round "-"]
[White "pipa"]
[Black "beejay"]
[Result "0-1"]
[WhiteElo "1798"]
[BlackElo "1706"]

1. e4 e5 2. Qf3 Nf6 3. Nc3 c6 4. Bc4 Bc5 5. Na4 Bd6 6. Nh3 h6 7. O-O O-O 8. d3
Be7 9. Be3 b5 10. Bxf7+ Rxf7 11. Nc5 d6 12. Nb3 d5 13. exd5 Nxd5 14. Qe4 Bd6 15.
Ng5 Bf5 16. Nxf7 Qf6 17. Qf3 Kxf7 18. Qh5+ Kg8 19. Qe8+ Kh7 20. Qxc6 Nxc6 21.
Bd2 e4 22. dxe4 Bxe4 23. f3 Bxc2 24. Rac1 Qxb2 25. Na1 Qd4+ 26. Kh1 Qxd2 27.
Rxc2 Qd3 28. Re1 Nd4 29. Rcc1 Qd2 30. Nb3 Nxb3 31. axb3 Ne3 32. Rg1 Rf8 33. Rce1
Rxf3 34. Rxe3 Rxe3 35. g3 Re1 36. Rxe1 Qxe1+ 37. Kg2 g5 38. Kf3 Qh1+ 39. Ke3
Bc5+ 40. Kd3 Qd5+ 41. Ke2 Qe4+ 42. Kd2 Bb4+ 43. Kd1 Qd3+ 44. Kc1 Ba3# 0-1

[Event "Challenge"]
[Site "http://www.queenalice.com/game.php?id=680657"]
[Date "2009.11.10"]
[Round "-"]
[White "pipa"]
[Black "MillaA"]
[Result "1-0"]
[WhiteElo "1788"]
[BlackElo "1069"]

1. e4 e5 2. Nf3 Nf6 3. d3 d6 4. g3 g6 5. Bg2 Bg7 6. O-O O-O 7. Nc3 Nc6 8. Nd5
Nxd5 9. exd5 Ne7 10. c4 c6 11. dxc6 bxc6 12. Ng5 Nf5 13. Bxc6 Bd7 14. Bxa8 Qxa8
15. b4 Be6 16. Nxe6 fxe6 17. b5 Qe8 18. a4 Qe7 19. a5 Qf7 20. b6 Ra8 21. Qf3 Qf8
22. b7 Rb8 23. a6 Nd4 24. Qd1 Nf3+ 25. Kg2 e4 26. dxe4 Rd8 27. Ra3 Ng5 28. Bxg5
Rd7 29. c5 dxc5 30. Qxd7 c4 31. Rf3 h6 32. Rxf8+ Bxf8 33. b8=Q 1-0

[Event "Challenge"]
[Site "http://www.queenalice.com/game.php?id=687841"]
[Date "2009.11.24"]
[Round "-"]
[White "pipa"]
[Black "beejay"]
[Result "1-0"]
[WhiteElo "1771"]
[BlackElo "1737"]

1. e4 e5 2. Bc4 Nf6 3. Qf3 b6 4. Nc3 Bb7 5. Nd5 Bxd5 6. exd5 Bd6 7. d3 c6 8. Bg5
Be7 9. Nh3 Qc7 10. c3 cxd5 11. Bxd5 Nxd5 12. Bxe7 Nxe7 13. Qxa8 Nc6 14. b4 O-O
15. b5 Na6 16. Qxf8+ Kxf8 17. bxa6 Ne7 18. c4 d5 19. O-O Nf5 20. cxd5 Nh4 21. f3
Qc2 22. Nf2 Nf5 23. Rac1 Qxa2 24. Rc8+ Ke7 25. Rc7+ Kd6 26. Rxf7 Ne3 27. Rc1
Kxd5 28. Rxg7 Qxa6 29. Rd7+ Ke6 30. Rxh7 b5 31. Rh6+ Kf5 32. Rxa6 Nd5 33. Rxa7
b4 34. Rb7 Kf4 35. Re1 Ne3 36. Rf7+ Kg5 37. Rxe3 b3 38. Nd1 Kg6 39. Re7 Kf6 40.
R7xe5 Kg6 41. g4 Kh6 42. h4 Kg6 43. Rf5 Kh6 44. h5 Kg7 45. g5 Kh7 46. Re7+ Kg8
47. g6 b2 48. h6 b1=Q 49. Re8# 1-0

[Event "Challenge"]
[Site "http://www.queenalice.com/game.php?id=687845"]
[Date "2009.11.24"]
[Round "-"]
[White "pipa"]
[Black "Wilson"]
[Result "1/2-1/2"]
[WhiteElo "1786"]
[BlackElo "1646"]

1. e4 e5 2. Bc4 Nf6 3. Qf3 d6 4. Nc3 c6 5. Nh3 h6 6. b4 a6 7. O-O Be7 8. Qg3 O-O
9. d3 Ng4 10. f3 Bh4 11. Qxg4 Bxg4 12. fxg4 Qb6+ 13. Kh1 Nd7 14. a3 Qd4 15. Bb2
b5 16. Bb3 Qb6 17. Rf3 Nf6 18. Raf1 Nxg4 19. g3 Ne3 20. Re1 Bg5 21. Nxg5 Ng4 22.
Nh3 Ra7 23. Kg2 Qd4 24. Nd1 Qb6 25. Bc1 Nf6 26. Be3 c5 27. Nb2 a5 28. bxc5 dxc5
29. c3 a4 30. Ba2 Re7 31. Rb1 Qa5 32. Bxc5 Rc7 33. Bxf8 Kxf8 34. c4 Ng4 35. Nf2
Qd2 36. h3 Ne3+ 37. Kg1 Nc2 38. g4 Nxa3 39. cxb5 Nxb1 40. Nxa4 Qxa2 41. Nb6 Nd2
42. Rg3 Rc1+ 43. Kg2 Qa7 44. Nd7+ Qxd7 45. g5 h5 46. h4 Rf1 47. g6 f6 48. Nh3
Qd4 49. Kh2 Nf3+ 50. Kg2 Nd2 51. Kh2 Nf3+ 52. Kg2 Nd2 1/2-1/2

[Event "Challenge"]
[Site "http://www.queenalice.com/game.php?id=687846"]
[Date "2009.11.24"]
[Round "-"]
[White "pipa"]
[Black "mrbabu"]
[Result "1/2-1/2"]
[WhiteElo "1780"]
[BlackElo "1745"]

1. e4 e5 2. Qf3 Nf6 3. Bc4 Nc6 4. c3 d6 5. d3 Bg4 6. Qe3 Be7 7. h3 Bh5 8. Nf3
O-O 9. Na3 a6 10. O-O Re8 11. Ng5 h6 12. Nf3 Bxf3 13. Qxf3 Rf8 14. Nc2 Kh8 15.
Nb4 Nxb4 16. cxb4 Qd7 17. Bb3 c6 18. Be3 d5 19. exd5 cxd5 20. Rac1 Kh7 21. Bc2
d4 22. Bd2 Nd5 23. Qe4+ Kh8 24. Qxe5 Bf6 25. Qg3 Rae8 26. Rfe1 Rxe1+ 27. Rxe1
Re8 28. f3 Rxe1+ 29. Qxe1 Qe7 30. Qf1 Ne3 31. Qc1 Nxc2 32. Qxc2 Qe2 33. Qc1 Kh7
34. Qe1 Qxe1+ 35. Bxe1 Kg6 36. f4 Kf5 37. g3 h5 38. h4 b5 39. b3 Kg4 40. Kg2 g6
41. a4 Bg7 42. Bf2 f5 43. Bg1 Bf6 1/2-1/2

[Event "Challenge"]
[Site "http://www.queenalice.com/game.php?id=687849"]
[Date "2009.11.24"]
[Round "-"]
[White "pipa"]
[Black "piemme"]
[Result "1-0"]
[WhiteElo "1767"]
[BlackElo "1769"]

1. e4 e5 2. Qf3 d6 3. Nc3 Nf6 4. Bc4 c6 5. b4 b5 6. Bd3 Be7 7. g3 d5 8. exd5
Nxd5 9. Be4 Nxb4 10. a3 Nxc2+ 11. Bxc2 Bf6 12. Be4 Bd7 13. Na2 O-O 14. Nb4 Qc7
15. a4 c5 16. Nd5 Qd6 17. Nxf6+ Qxf6 18. Qxf6 gxf6 19. Bxa8 Nc6 20. Bb7 b4 21.
Ne2 Na5 22. Bd5 Bg4 23. Rb1 Rd8 24. Bg2 Bd7 25. O-O Bxa4 26. Ra1 Bb5 27. Rxa5
Bxe2 28. Re1 Bc4 29. Rxc5 Be6 30. Ra5 Ra8 31. Bxa8 1-0

[Event "Challenge"]
[Site "http://www.queenalice.com/game.php?id=690672"]
[Date "2009.11.30"]
[Round "-"]
[White "Kingkila"]
[Black "pipa"]
[Result "1-0"]
[WhiteElo "1888"]
[BlackElo "1779"]

1. e4 e5 2. Nf3 Qf6 3. d4 Bd6 4. Bg5 Qg6 5. Qd3 f6 6. Bh4 Nh6 7. Qc4 Qxe4+ 8.
Be2 Nf5 9. Nbd2 Qf4 10. Bg3 Nxg3 11. hxg3 Qf5 12. Bd3 Qe6 13. O-O-O Qe7 14. Rde1
Nc6 15. Bxh7 Kd8 16. Bg6 Qf8 17. Rh4 Ne7 18. Bd3 c6 19. Qa4 Kc7 20. Nc4 Nd5 21.
dxe5 fxe5 22. Ncxe5 Rxh4 23. gxh4 b6 24. Qg4 Qe7 25. Nc4 Qf8 26. Ne3 Bb7 27.
Nxd5+ cxd5 28. h5 Re8 29. Rxe8 Qxe8 30. Qg6 Qe7 31. Kd1 Qf8 32. Bf5 Bc5 33. Qg3+
Bd6 34. Qg4 Qe7 35. Nd4 Ba6 36. Bd3 Bxd3 37. cxd3 Bb4 38. Nc2 Bd6 39. Ne3 Qe5
40. d4 Qe6 41. Qxg7 Qe4 42. Qg4 Qb1+ 43. Ke2 Qxb2+ 44. Kf3 Be5 45. dxe5 d4 46.
Nd5+ Kc6 47. Qe4 Kc5 48. Nf4 Kb5 49. Qd3+ Ka5 50. h6 Qc1 51. h7 Qh1 52. Nh3 Qa1
53. h8=Q b5 54. Qd8+ Ka6 55. Qa3+ 1-0